Hard Satellite Images Quiz - Statistics

General Stats
  • This quiz has been taken 174 times
  • The average score is 8 of 10
Answer Stats
Picture Answer % Correct
Brazil
100%
UK
99%
Portugal
97%
South Korea
91%
The Philippines
91%
Hawaii
90%
Netherlands
90%
East timor
63%
Hungary
61%
Belgium
47%
No matching quizzes found
Score Distribution
Percent of People with Each Score
Percentile by Number Answered
Your Score History
You have not taken this quiz